[Event "Mercredi 2023.01.11 ABCD"]
[Site "Montreal CAN"]
[Date "2023.02.01"]
[Round "4"]
[White "Boileau, Dominic"]
[Black "Beaulieu, Pierre"]
[Result "1-0"]
[WhiteElo "1790"]
[BlackElo "1853"]
[PlyCount "79"]
[EventDate "2023.01.11"]
[EventType "tourn"]
[EventRounds "5"]
[EventCountry "CAN"]

1. d4 f5 2. Bg5 Nf6 3. Bxf6 exf6 4. e3 d5 5. c4 c6 6. Nc3 Bb4 7. Qb3 Bxc3+ 8.
bxc3 dxc4 9. Bxc4 Qe7 10. a4 Nd7 11. Qa2 Nf8 12. Ne2 Be6 13. Nf4 Bxc4 14. Qxc4
g5 15. Ne2 Qe6 16. Qb4 Rb8 17. O-O Kf7 18. Qa5 Qc8 19. Ng3 Kg6 20. e4 f4 21.
Nf5 Qd8 22. Qxa7 Ne6 23. Rab1 Qc7 24. Qb6 h5 25. Qxc7 Nxc7 26. Rb6 Na8 27. Rb2
Rhe8 28. f3 Re6 29. Rfb1 b6 30. c4 Rd8 31. c5 b5 32. axb5 cxb5 33. Rxb5 Rd7 34.
Rb8 Ra6 35. Rg8+ Kh7 36. Rbb8 Rda7 37. Rh8+ Kg6 38. Rbg8+ Kf7 39. Rg7+ Ke6 40.
Re8+ 1-0

[Event "Mercredi 2023.01.11 ABCD"]
[Site "Montreal CAN"]
[Date "2023.02.01"]
[Round "4"]
[White "Cardin, Guillaume"]
[Black "Barko, Maxim"]
[Result "1-0"]
[WhiteElo "2049"]
[BlackElo "2051"]
[PlyCount "165"]
[EventDate "2023.01.11"]
[EventType "tourn"]
[EventRounds "5"]
[EventCountry "CAN"]

1. d4 Nf6 2. c4 g6 3. Nc3 Bg7 4. e4 d6 5. Nf3 Bg4 6. Be2 O-O 7. Be3 Nfd7 8. Ng1
Bxe2 9. Ngxe2 c5 10. O-O Nc6 11. Qd2 cxd4 12. Nxd4 Nde5 13. b3 Ng4 14. Nxc6
bxc6 15. Bd4 Ne5 16. Rac1 Qa5 17. f3 h5 18. Be3 Kh7 19. Rfd1 Rad8 20. Ne2 Qc7
21. Qc2 c5 22. Nc3 Nc6 23. Nd5 Qb7 24. Kh1 Nd4 25. Qd2 f5 26. Bg5 Rde8 27. Re1
e6 28. Nc3 Qf7 29. Nb5 Qd7 30. Be3 e5 31. Nc3 Qb7 32. Nd5 Re6 33. exf5 Nxf5 34.
Bg5 Qf7 35. Re4 Nd4 36. Rf1 Qf5 37. Kg1 Qf7 38. h4 Nf5 39. Kh2 Nh6 40. Rfe1 Qd7
41. Qa5 Rf7 42. Qb5 Qc8 43. R1e2 Nf5 44. Qa5 Qb8 45. Qd2 Nd4 46. Rf2 Qf8 47.
Qe3 Nf5 48. Qd3 Nd4 49. Qd1 Rf5 50. Nc7 Ref6 51. Bxf6 Bxf6 52. Nb5 Qe7 53. g4
Bxh4 54. gxf5 Bxf2 55. fxg6+ Kxg6 56. Nxd4 cxd4 57. Qf1 Be3 58. Qg2+ Kh7 59.
Qc2 Bh6 60. Qg2 Bf4+ 61. Kg1 Qh4 62. Kf1 d3 63. Re1 Qd8 64. Rd1 d2 65. Ke2 Qb6
66. Qf2 Qa5 67. Qh4 Bg5 68. Qh3 Kh6 69. Qe6+ Kh7 70. Qf5+ Kh6 71. Rg1 Qd8 72.
b4 a6 73. b5 axb5 74. cxb5 d5 75. Qxg5+ Qxg5 76. Rxg5 Kxg5 77. b6 Kf4 78. b7
d1=Q+ 79. Kxd1 Kxf3 80. b8=Q e4 81. Qh2 e3 82. Qxh5+ Kf2 83. Qf5+ 1-0

[Event "Mercredi 2023.01.11 ABCD"]
[Site "Montreal CAN"]
[Date "2023.02.01"]
[Round "4"]
[White "Chapdelaine, Gwyn"]
[Black "Have, Didier"]
[Result "1-0"]
[WhiteElo "1973"]
[BlackElo "2088"]
[PlyCount "91"]
[EventDate "2023.01.11"]
[EventType "tourn"]
[EventRounds "5"]
[EventCountry "CAN"]

1. d4 Nf6 2. Bg5 Ne4 3. h4 c5 4. d5 g6 5. Nd2 Nxg5 6. hxg5 Bg7 7. c3 d6 8. e4
a6 9. a4 b6 10. Bd3 Nd7 11. f4 Qc7 12. Rc1 Bb7 13. Qg4 Kf8 14. Ngf3 Re8 15. f5
c4 16. Bxc4 Ne5 17. Nxe5 Bxe5 18. fxg6 hxg6 19. Rxh8+ Bxh8 20. Ke2 Bg7 21. Rf1
Kg8 22. Qf3 Rf8 23. Rh1 Bc8 24. Qg3 Be5 25. Qh4 Rd8 26. Qh7+ Kf8 27. Rf1 Bg4+
28. Kd3 Bg7 29. Qxg6 Bf6 30. Qh6+ Bg7 31. Qh4 Bd7 32. Qh5 Be8 33. g4 Kg8 34.
Rh1 b5 35. Qh7+ Kf8 36. axb5 axb5 37. Bb3 Qc8 38. Qf5 Bd7 39. Qf4 Be5 40. Qf2
Bxg4 41. Rh7 f5 42. g6 Kg8 43. Qh4 fxe4+ 44. Nxe4 Qf5 45. Rh8+ Kg7 46. Qh7# 1-0

[Event "Mercredi 2023.01.11 ABCD"]
[Site "Montreal CAN"]
[Date "2023.02.01"]
[Round "4"]
[White "Deboosere, Adam"]
[Black "Baran, Marius"]
[Result "1-0"]
[WhiteElo "1792"]
[BlackElo "1744"]
[PlyCount "97"]
[EventDate "2023.01.11"]
[EventType "tourn"]
[EventRounds "5"]
[EventCountry "CAN"]

1. d4 Nf6 2. Nf3 e6 3. c4 b6 4. Bf4 Bb4+ 5. Nfd2 Bb7 6. a3 Be7 7. Nc3 d6 8. e4
c5 9. d5 O-O 10. Be2 exd5 11. exd5 Re8 12. O-O Nbd7 13. Re1 a6 14. a4 Bf8 15.
Bd3 Rxe1+ 16. Qxe1 Nh5 17. Be3 Ne5 18. Be2 Nf6 19. h3 Bc8 20. f4 Ng6 21. g4 h6
22. Bd3 Bd7 23. Qg3 Nh7 24. Nf3 Qc8 25. f5 Ne5 26. Nxe5 dxe5 27. Qxe5 Qb8 28.
Qxb8 Rxb8 29. Kf2 Bd6 30. Re1 Ng5 31. h4 Nh7 32. Kf3 Re8 33. Bd2 Rxe1 34. Bxe1
Nf6 35. Ne4 Nxe4 36. Bxe4 Bxa4 37. Bg3 Bxg3 38. Kxg3 Kf8 39. Kf4 Ke7 40. g5
hxg5+ 41. Kxg5 Be8 42. f6+ gxf6+ 43. Kh6 Kf8 44. Bf5 Ba4 45. d6 b5 46. Bd7 f5
47. Kg5 Bc2 48. Kf6 f4 49. Bc6 1-0

[Event "Mercredi 2023.01.11 ABCD"]
[Site "Montreal CAN"]
[Date "2023.02.01"]
[Round "4"]
[White "Di Matteo, Alessio"]
[Black "Plante, Michel"]
[Result "1-0"]
[WhiteElo "1944"]
[BlackElo "1936"]
[PlyCount "63"]
[EventDate "2023.01.11"]
[EventType "tourn"]
[EventRounds "5"]
[EventCountry "CAN"]

1. d4 e6 2. c4 f5 3. g3 Nf6 4. Bg2 Be7 5. Nc3 O-O 6. Nh3 d6 7. O-O c6 8. b3 Qc7
9. Bb2 e5 10. e3 h6 11. Ne2 Nbd7 12. Qc2 g6 13. Rac1 a5 14. f3 Nb6 15. Nf2 Kh7
16. Qc3 Nfd7 17. e4 Bf6 18. exf5 gxf5 19. Qc2 Bg7 20. Bh3 Kh8 21. Bxf5 exd4 22.
Nxd4 Ne5 23. Bxc8 Qxc8 24. f4 c5 25. fxe5 cxd4 26. exd6 Qc6 27. Ne4 Rae8 28.
Rxf8+ Rxf8 29. Qd3 Nd7 30. Bxd4 Ne5 31. Bxe5 Bxe5 32. d7 1-0

[Event "Mercredi 2023.01.11 ABCD"]
[Site "Montreal CAN"]
[Date "2023.02.01"]
[Round "4"]
[White "Lebeau, Gilbert"]
[Black "Landry, Sylvain"]
[Result "1-0"]
[WhiteElo "1939"]
[BlackElo "1936"]
[PlyCount "59"]
[EventDate "2023.01.11"]
[EventType "tourn"]
[EventRounds "5"]
[EventCountry "CAN"]

1. d4 d5 2. c4 c6 3. Nc3 Nf6 4. e3 e6 5. Nf3 Nbd7 6. Bd2 Bd6 7. Bd3 dxc4 8.
Bxc4 b5 9. Bd3 Bb7 10. O-O O-O 11. Rc1 a6 12. Qe2 c5 13. Bb1 Qb6 14. dxc5 Nxc5
15. e4 b4 16. e5 bxc3 17. Bxc3 Nfe4 18. Bd4 Be7 19. Bxe4 Bxe4 20. Qxe4 Qb4 21.
Qe3 Rac8 22. Rc2 Nd7 23. Rfc1 Rcd8 24. a3 Qb5 25. h3 h6 26. Rc7 Rfe8 27. R1c6
a5 28. Qc3 a4 29. Qc4 Qxc4 30. Rxc4 1-0

[Event "Mercredi 2023.01.11 ABCD"]
[Site "Montreal CAN"]
[Date "2023.02.01"]
[Round "4"]
[White "Sekki, Abderaouf"]
[Black "Lima-Barbosa, Raphael"]
[Result "1-0"]
[WhiteElo "1959"]
[BlackElo "1860"]
[PlyCount "121"]
[EventDate "2023.01.11"]
[EventType "tourn"]
[EventRounds "5"]
[EventCountry "CAN"]

1. d4 Nf6 2. c4 g6 3. Nc3 Bg7 4. e4 d6 5. Be2 O-O 6. Be3 Na6 7. g4 c5 8. g5 Ng4
9. Bxg4 Bxg4 10. Nge2 Qa5 11. Qd2 Nb4 12. d5 Bf3 13. O-O Qc7 14. h3 Qd7 15. Kh2
f5 16. gxf6 Bxf6 17. a3 Be5+ 18. Ng3 Na6 19. Nce2 Nc7 20. Bh6 Rf7 21. a4 e6 22.
Ng1 exd5 23. exd5 Ne8 24. Ra3 Bh5 25. f4 Bg7 26. Bxg7 Nxg7 27. Nf3 Re8 28. Nxh5
Nxh5 29. Ng5 Rfe7 30. Ne6 Ng7 31. f5 gxf5 32. Rg3 Kh8 33. Qc3 Rxe6 34. dxe6
Rxe6 35. Rxf5 Re2+ 36. Kg1 Re1+ 37. Qxe1 Nxf5 38. Qc3+ Nd4 39. Qe3 Nf5 40. Qc3+
Nd4 41. Qe1 Qf7 42. Qf2 Qe7 43. Kh2 b6 44. Rg2 Qe5+ 45. Qg3 Nf3+ 46. Kh1 Qxg3
47. Rxg3 Ne5 48. b3 Ng6 49. Rd3 Nf4 50. Rxd6 Nxh3 51. Rd7 a5 52. Rb7 Nf4 53.
Rxb6 Kg7 54. Rb5 Nd3 55. Rxa5 Kf6 56. Ra8 Ke6 57. Rd8 Nb4 58. Rb8 Nc6 59. Rb6
Kd7 60. Rxc6 Kxc6 61. Kh2 1-0

[Event "Mercredi 2023.01.11 ABCD"]
[Site "Montreal CAN"]
[Date "2023.02.01"]
[Round "4"]
[White "Singher, Jean-Pierre"]
[Black "Genzling, Jerome"]
[Result "1-0"]
[WhiteElo "1960"]
[BlackElo "2057"]
[PlyCount "43"]
[EventDate "2023.01.11"]
[EventType "tourn"]
[EventRounds "5"]
[EventCountry "CAN"]

1. Nf3 d5 2. d4 e6 3. e3 Nf6 4. Bd3 c5 5. O-O c4 6. Be2 Bd7 7. b3 b5 8. a4 cxb3
9. axb5 bxc2 10. Qxc2 Bd6 11. Ba3 Ne4 12. Nbd2 Bxa3 13. Rxa3 Nd6 14. Rfa1 Bxb5
15. Bxb5+ Nxb5 16. Qa4 a6 17. Rb3 O-O 18. Rxb5 axb5 19. Qxa8 b4 20. Qb7 Qd6 21.
Ne5 f6 22. Ra7 1-0

[Event "Mercredi 2023.01.11 ABCD"]
[Site "Montreal CAN"]
[Date "2023.02.01"]
[Round "4"]
[White "Tremblay, Alain"]
[Black "Latorre, Vincent"]
[Result "0-1"]
[WhiteElo "2151"]
[BlackElo "2196"]
[PlyCount "50"]
[EventDate "2023.01.11"]
[EventType "tourn"]
[EventRounds "5"]
[EventCountry "CAN"]

1. d4 Nf6 2. c4 g6 3. Nf3 Bg7 4. g3 O-O 5. Bg2 d6 6. O-O Nbd7 7. Nc3 e5 8. e4
exd4 9. Nxd4 Re8 10. Re1 c6 11. Be3 Nc5 12. f3 a5 13. Qd2 a4 14. Rac1 Nfd7 15.
Nd1 Qa5 16. Qxa5 Rxa5 17. Nf2 f5 18. Rcd1 fxe4 19. fxe4 Ne5 20. b4 axb3 21.
axb3 Ra3 22. Ra1 Nxc4 23. bxc4 Rxe3 24. Rxe3 Bxd4 25. Ree1 Nd3 0-1

[Event "Mercredi 2023.01.11 ABCD"]
[Site "Montreal CAN"]
[Date "2023.02.08"]
[Round "5"]
[White "Adam, Rafael"]
[Black "Tremblay, Alain"]
[Result "1-0"]
[WhiteElo "2179"]
[BlackElo "2151"]
[PlyCount "47"]
[EventDate "2023.01.11"]
[EventType "tourn"]
[EventRounds "5"]
[EventCountry "CAN"]

1. d4 c5 2. d5 Nf6 3. c4 e6 4. Nc3 exd5 5. cxd5 d6 6. Nf3 g6 7. e4 Bg7 8. h3
O-O 9. Bd3 b5 10. Nxb5 Re8 11. Nd2 Nxe4 12. Bxe4 f5 13. O-O fxe4 14. Nc4 Bf8
15. Bf4 Ba6 16. Nbxd6 Bxd6 17. Nxd6 Rf8 18. Qd2 Bxf1 19. Rxf1 Nd7 20. Bh6 Re8
21. Nxe8 Qxe8 22. Qc3 Qf7 23. f3 Qf6 24. fxe4 1-0

[Event "Mercredi 2023.01.11 ABCD"]
[Site "Montreal CAN"]
[Date "2023.02.08"]
[Round "5"]
[White "Baran, Marius"]
[Black "Boileau, Dominic"]
[Result "1/2-1/2"]
[WhiteElo "1744"]
[BlackElo "1790"]
[PlyCount "106"]
[EventDate "2023.01.11"]
[EventType "tourn"]
[EventRounds "5"]
[EventCountry "CAN"]

1. d4 d5 2. Bf4 Nf6 3. e3 c5 4. Nd2 Nc6 5. Ngf3 Qb6 6. dxc5 Qxb2 7. Rb1 Qc3 8.
Bb5 Bf5 9. Nd4 Bd7 10. O-O Nxd4 11. Bxd7+ Nxd7 12. exd4 Qxd4 13. Be3 Qa4 14.
Rxb7 Qc6 15. Qb1 e5 16. Re1 f6 17. Nf3 Bxc5 18. Bxc5 Qxc5 19. c3 Qc8 20. Qb5 a6
21. Qxd5 Rb8 22. Reb1 Rxb7 23. Rxb7 Rf8 24. g3 Rf7 25. Qe6+ Kf8 26. Qxa6 Re7
27. Qa7 Ke8 28. c4 Qxc4 29. Qa8+ Kf7 30. Ra7 e4 31. Nh4 Qc1+ 32. Kg2 e3 33.
Qd5+ Kf8 34. Ra8+ Re8 35. Rxe8+ Kxe8 36. Qe6+ Kd8 37. Qxe3 Qc6+ 38. Qf3 Qa6 39.
Qd5 g6 40. Nf3 Ke7 41. Nd4 Ne5 42. f4 Nc4 43. Nc6+ Kf8 44. Qd8+ Kg7 45. Qe7+
Kh6 46. Qf8+ Kh5 47. Qxf6 Kh6 48. Qg5+ Kg7 49. Qe7+ Kh6 50. Nb4 Qb6 51. Qg5+
Kg7 52. Qe7+ Kh6 53. Qg5+ Kg7 1/2-1/2

[Event "Mercredi 2023.01.11 ABCD"]
[Site "Montreal CAN"]
[Date "2023.02.08"]
[Round "5"]
[White "Barko, Maxim"]
[Black "Chapdelaine, Gwyn"]
[Result "0-1"]
[WhiteElo "2051"]
[BlackElo "1973"]
[PlyCount "88"]
[EventDate "2023.01.11"]
[EventType "tourn"]
[EventRounds "5"]
[EventCountry "CAN"]

1. Nf3 f5 2. g3 Nf6 3. Bg2 g6 4. c4 Bg7 5. Nc3 d6 6. d4 O-O 7. O-O c6 8. Qc2
Na6 9. Rd1 Qc7 10. Bf4 h6 11. d5 g5 12. Be3 c5 13. a3 Bd7 14. Rab1 Ng4 15. Bd2
Qc8 16. e3 Qe8 17. b4 b6 18. b5 Nc7 19. a4 Qf7 20. Ne1 Rae8 21. a5 Qh5 22. Nf3
Ne5 23. Nxe5 dxe5 24. axb6 axb6 25. Na4 f4 26. exf4 exf4 27. Bc3 Bf5 28. Be4
Qh3 29. Bxf5 Rxf5 30. Qe2 Ref8 31. Bxg7 fxg3 32. fxg3 Rf2 33. Qxf2 Rxf2 34.
Kxf2 Qxh2+ 35. Kf3 Kxg7 36. Nxb6 h5 37. Re1 g4+ 38. Ke4 Qxg3 39. Re3 Qd6 40.
Rf1 Qxb6 41. Kd3 Nxd5 42. Re5 Nb4+ 43. Kc3 Qd6 44. Re3 Qd4+ 0-1

[Event "Mercredi 2023.01.11 ABCD"]
[Site "Montreal CAN"]
[Date "2023.02.08"]
[Round "5"]
[White "Beaulieu, Pierre"]
[Black "Bain-Thouvarez, Aurelien"]
[Result "1-0"]
[WhiteElo "1853"]
[BlackElo "1797"]
[PlyCount "95"]
[EventDate "2023.01.11"]
[EventType "tourn"]
[EventRounds "5"]
[EventCountry "CAN"]

1. c4 Nf6 2. g3 c6 3. Bg2 e5 4. d4 exd4 5. Qxd4 d5 6. Nf3 Bb4+ 7. Bd2 Bxd2+ 8.
Nbxd2 O-O 9. O-O h6 10. Rfd1 Be6 11. Rac1 Qe7 12. Qh4 Re8 13. Nd4 Nbd7 14. Nxe6
fxe6 15. e4 Ne5 16. Nf3 Nxc4 17. e5 Nd7 18. Qd4 c5 19. Qe3 b5 20. b3 Ncb6 21.
Nh4 d4 22. Qe1 Nd5 23. Rd2 Rad8 24. Kh1 Qg5 25. f4 Qe7 26. Be4 Ne3 27. Qe2 Nf8
28. Qxb5 g5 29. Ng2 Nd5 30. Rxc5 Nc3 31. Rxc3 dxc3 32. Rxd8 Qxd8 33. Ne3 Qd2
34. Qc6 Qe1+ 35. Kg2 Qe2+ 36. Kg1 gxf4 37. gxf4 Qxe3+ 38. Kg2 Qxf4 39. a4 Qg5+
40. Kf2 Qf4+ 41. Kg2 Qxe5 42. b4 Qg5+ 43. Kf3 Qh4 44. Ke3 Qg5+ 45. Kf3 Qf6+ 46.
Ke3 Qg5+ 47. Kf3 Qd2 48. b5 {illisible} 1-0

[Event "Mercredi 2023.01.11 ABCD"]
[Site "Montreal CAN"]
[Date "2023.02.08"]
[Round "5"]
[White "Cote, Etienne"]
[Black "Deboosere, Adam"]
[Result "1/2-1/2"]
[WhiteElo "1797"]
[BlackElo "1792"]
[PlyCount "100"]
[EventDate "2023.01.11"]
[EventType "tourn"]
[EventRounds "5"]
[EventCountry "CAN"]

1. e4 e5 2. Bc4 Nf6 3. d3 Nc6 4. Nc3 Na5 5. a3 Nxc4 6. dxc4 d6 7. Qe2 Bg4 8. f3
Be6 9. Be3 c6 10. O-O-O Qa5 11. Kb1 Qa6 12. b3 Qxa3 13. g4 Be7 14. h4 Nd7 15.
Na4 Nb6 16. Bc1 Nxa4 17. Bxa3 Nc3+ 18. Kb2 Nxe2 19. Nxe2 O-O-O 20. Ng3 g6 21.
h5 Kc7 22. Rh2 c5 23. Rdh1 Bf6 24. Ne2 Bg7 25. Kb1 f5 26. gxf5 gxf5 27. Rg2 Bh6
28. Bc1 Bxc1 29. Kxc1 Rhg8 30. Rhg1 fxe4 31. fxe4 Rxg2 32. Rxg2 Rg8 33. Rxg8
Bxg8 34. Ng3 Bf7 35. Kd2 Kd7 36. Ke3 Ke6 37. Nf5 a6 38. Ng7+ Kd7 39. Kf3 Be6
40. Nxe6 Kxe6 41. Kg4 b5 42. cxb5 axb5 43. c4 bxc4 44. bxc4 Kf6 45. Kh4 Ke7 46.
Kg5 Kf7 47. Kf5 Ke7 48. Kg5 Kf7 49. Kf5 Ke7 50. Kg5 Kf7 1/2-1/2

[Event "Mercredi 2023.01.11 ABCD"]
[Site "Montreal CAN"]
[Date "2023.02.08"]
[Round "5"]
[White "Genzling, Jerome"]
[Black "Cardin, Guillaume"]
[Result "0-1"]
[WhiteElo "2057"]
[BlackElo "2049"]
[PlyCount "80"]
[EventDate "2023.01.11"]
[EventType "tourn"]
[EventRounds "5"]
[EventCountry "CAN"]

1. e4 e5 2. Nf3 Nc6 3. d4 exd4 4. Bc4 Bc5 5. c3 Nf6 6. e5 d5 7. Bb5 Ne4 8. cxd4
Bb6 9. h3 O-O 10. O-O f6 11. a4 fxe5 12. Bxc6 bxc6 13. Nxe5 Nxf2 14. Rxf2 Rxf2
15. Be3 Rxb2 16. a5 Qh4 17. axb6 Rxg2+ 18. Kxg2 Bxh3+ 19. Kf3 Qh5+ 20. Kg3 Qxd1
21. b7 Rb8 22. Rxa7 Qxb1 23. Kxh3 Rxb7 24. Ra3 Rb3 25. Ra8+ Rb8 26. Ra3 c5 27.
Kg4 cxd4 28. Bf4 g6 29. Nc6 Re8 30. Ra7 Qg1+ 31. Kf3 Re3+ 32. Bxe3 Qxe3+ 33.
Kg2 Qd2+ 34. Kg3 Qc3+ 35. Kh4 Qxc6 36. Kg5 Kg7 37. Kh4 d3 38. Kg4 d2 39. Kg5
Qf6+ 40. Kg4 d1=Q+ 0-1

[Event "Mercredi 2023.01.11 ABCD"]
[Site "Montreal CAN"]
[Date "2023.02.08"]
[Round "5"]
[White "Have, Didier"]
[Black "Singher, Jean-Pierre"]
[Result "1-0"]
[WhiteElo "2088"]
[BlackElo "1960"]
[PlyCount "55"]
[EventDate "2023.01.11"]
[EventType "tourn"]
[EventRounds "5"]
[EventCountry "CAN"]

1. e4 c5 2. b4 cxb4 3. a3 e5 4. Nf3 Nc6 5. Bc4 Nf6 6. Ng5 d5 7. exd5 Na5 8. Ba2
b3 9. cxb3 Nxd5 10. Nxf7 Kxf7 11. b4 Be6 12. bxa5 Bc5 13. O-O Bd4 14. Nc3 Nf6
15. Bxe6+ Kxe6 16. Qb3+ Nd5 17. Rb1 Rb8 18. Nb5 Qxa5 19. Qh3+ Kf7 20. Qd7+ Ne7
21. Nxd4 exd4 22. Re1 Qd8 23. Qe6+ Kf8 24. a4 b6 25. Ba3 Rb7 26. Rb5 Qd7 27.
Bxe7+ Qxe7 28. Rf5+ 1-0

[Event "Mercredi 2023.01.11 ABCD"]
[Site "Montreal CAN"]
[Date "2023.02.08"]
[Round "5"]
[White "Landry, Sylvain"]
[Black "Sekki, Abderaouf"]
[Result "1-0"]
[WhiteElo "1936"]
[BlackElo "1959"]
[PlyCount "101"]
[EventDate "2023.01.11"]
[EventType "tourn"]
[EventRounds "5"]
[EventCountry "CAN"]

1. e4 d6 2. d4 Nf6 3. Nc3 Nbd7 4. Nf3 e5 5. Bc4 Be7 6. O-O c6 7. a4 Qc7 8. Re1
h6 9. h3 g5 10. Be3 g4 11. hxg4 Nxg4 12. Qd3 Nf8 13. Rad1 Ng6 14. Ne2 Bd7 15.
Qb3 Rh7 16. Ng3 Nxe3 17. Rxe3 Bg5 18. Ree1 Bg4 19. Nf5 O-O-O 20. dxe5 Nxe5 21.
Nxe5 Bxd1 22. Nxf7 Bxc2 23. N5xd6+ Rxd6 24. Nxd6+ Qxd6 25. Qxc2 Re7 26. Rd1 Qf4
27. Qd3 Rg7 28. Be6+ Kc7 29. g3 Qf8 30. Qd4 Qe7 31. Qe5+ Kb6 32. a5+ Ka6 33.
Rd7 Bf6 34. Bc4+ b5 35. axb6+ Kxb6 36. Rxe7 Bxe5 37. Rxe5 a5 38. b3 Ra7 39. Rh5
a4 40. bxa4 Rxa4 41. Bf7 Rxe4 42. Rxh6 Kc5 43. f4 Re7 44. Rf6 Kd4 45. g4 c5 46.
g5 c4 47. g6 c3 48. Rc6 Kd3 49. g7 Rxf7 50. g8=Q Rxf4 51. Qg3+ 1-0

[Event "Mercredi 2023.01.11 ABCD"]
[Site "Montreal CAN"]
[Date "2023.02.08"]
[Round "5"]
[White "Latorre, Vincent"]
[Black "Voskanyan, Vahagn"]
[Result "1-0"]
[WhiteElo "2196"]
[BlackElo "2140"]
[PlyCount "59"]
[EventDate "2023.01.11"]
[EventType "tourn"]
[EventRounds "5"]
[EventCountry "CAN"]

1. e4 e5 2. Nf3 Nf6 3. Nxe5 d6 4. Nf3 Nxe4 5. Nc3 Bf5 6. Qe2 d5 7. d3 Be7 8.
dxe4 dxe4 9. Nxe4 O-O 10. Ng3 Bg6 11. Be3 Bf6 12. c3 Re8 13. Qd2 Qe7 14. Be2
Nc6 15. O-O h5 16. Rfd1 h4 17. Nf1 h3 18. Qd7 hxg2 19. Ng3 Qf8 20. Kxg2 Re7 21.
Qg4 Qe8 22. Bd3 Ne5 23. Nxe5 Bxe5 24. Bxg6 fxg6 25. Bd4 Bd6 26. Rd2 Qc6+ 27.
Qf3 Qb5 28. a4 Qg5 29. Be3 Qh4 30. Rd4 1-0

[Event "Mercredi 2023.01.11 ABCD"]
[Site "Montreal CAN"]
[Date "2023.02.08"]
[Round "5"]
[White "Lima-Barbosa, Raphael"]
[Black "Di Matteo, Alessio"]
[Result "1/2-1/2"]
[WhiteElo "1860"]
[BlackElo "1944"]
[PlyCount "191"]
[EventDate "2023.01.11"]
[EventType "tourn"]
[EventRounds "5"]
[EventCountry "CAN"]

1. d4 Nf6 2. c4 c5 3. d5 b5 4. cxb5 a6 5. bxa6 g6 6. Nc3 Bg7 7. e4 O-O 8. Nf3
Qa5 9. Nd2 Bxa6 10. Bxa6 Qxa6 11. Qe2 d6 12. a3 Qxe2+ 13. Kxe2 Na6 14. Rb1 Rfb8
15. Nc4 Nd7 16. Bg5 Re8 17. f4 Nc7 18. Bh4 Bd4 19. Rhd1 Kf8 20. Bf2 Bg7 21. g4
Reb8 22. Bg3 Nb6 23. Nxb6 Rxb6 24. e5 Rab8 25. Rd2 Rb3 26. Rc2 c4 27. a4 Ra8
28. Kd2 Ra5 29. Nb5 Nxb5 30. axb5 Raxb5 31. Rxc4 Rxd5+ 32. Kc2 Rb8 33. exd6
exd6 34. b4 f5 35. h3 Rdb5 36. Kb3 d5 37. Rcc1 Rxb4+ 38. Kc2 Rc4+ 39. Kd2 Rd4+
40. Ke2 Re8+ 41. Kf1 Rd3 42. Bf2 Rxh3 43. gxf5 gxf5 44. Rd1 Rh1+ 45. Kg2 Rxd1
46. Rxd1 Rd8 47. Bd4 Bxd4 48. Rxd4 Ke7 49. Kf3 Kd6 50. Ra4 Rd7 51. Ra6+ Ke7 52.
Rh6 Ke8 53. Rf6 d4 54. Ke2 Rd5 55. Kd3 Ke7 56. Rh6 Kf7 57. Rxh7+ Kg6 58. Rh8
Rd7 59. Rg8+ Kf7 60. Rh8 Kg7 61. Rh5 Kg6 62. Rh2 Rd8 63. Rh1 Ra8 64. Kxd4 Ra4+
65. Ke5 Re4+ 66. Kd5 Rxf4 67. Rg1+ Rg4 68. Rf1 Kg5 69. Ke5 Re4+ 70. Kd5 Re2 71.
Rg1+ Kf4 72. Rf1+ Kg5 73. Rg1+ Kf6 74. Kd4 f4 75. Kd3 Re3+ 76. Kd2 Kf5 77. Re1
Rg3 78. Ke2 Kg4 79. Kf2 Rf3+ 80. Kg2 Re3 81. Ra1 Re2+ 82. Kf1 Kf3 83. Ra8 Re3
84. Rf8 Ra3 85. Kg1 Ra1+ 86. Kh2 Re1 87. Rf7 Re4 88. Kg1 Ke2 89. Ra7 Rd4 90.
Ra2+ Kf3 91. Ra3+ Kg4 92. Kf2 Rd2+ 93. Kf1 f3 94. Ra8 Rd1+ 95. Kf2 Rd2+ 96. Kf1
1/2-1/2

[Event "Mercredi 2023.01.11 ABCD"]
[Site "Montreal CAN"]
[Date "2023.02.08"]
[Round "5"]
[White "Plante, Michel"]
[Black "Lebeau, Gilbert"]
[Result "1/2-1/2"]
[WhiteElo "1936"]
[BlackElo "1939"]
[PlyCount "137"]
[EventDate "2023.01.11"]
[EventType "tourn"]
[EventRounds "5"]
[EventCountry "CAN"]

1. d4 d5 2. Nc3 Nf6 3. Bf4 e6 4. e3 Bb4 5. Bd3 O-O 6. Nge2 Nbd7 7. a3 Bd6 8.
Bxd6 cxd6 9. Nf4 b6 10. g4 Bb7 11. Qf3 Qe7 12. g5 Ne4 13. Nxe4 dxe4 14. Bxe4
Bxe4 15. Qxe4 Qxg5 16. O-O-O Nf6 17. Qd3 g6 18. Rdg1 Qf5 19. Qxf5 exf5 20. h4
h5 21. Rg2 Rfe8 22. Rhg1 Kf8 23. Re1 Re7 24. Kd2 Rc8 25. Rc1 b5 26. Rgg1 Rec7
27. f3 a5 28. c3 a4 29. Rc2 Rc4 30. Rb1 Ra8 31. b3 axb3 32. Rxb3 Ra5 33. Rcb2
Rc7 34. Rxb5 Rxa3 35. Rc2 Ra1 36. c4 Rh1 37. Ng2 Rf1 38. Ke2 Rg1 39. Kf2 Rd1
40. Rb6 Ke7 41. Nf4 Ra7 42. c5 dxc5 43. dxc5 Nd5 44. Ke2 Rd7 45. Kxd1 Nxb6+ 46.
Rd2 Rxd2+ 47. Kxd2 Na4 48. Nd5+ Ke6 49. Nf4+ Kd7 50. Nd3 Ke6 51. e4 fxe4 52.
fxe4 f5 53. Ke3 fxe4 54. Kxe4 Nc3+ 55. Kd4 Nb5+ 56. Ke4 Nc3+ 57. Kf4 Kf6 58.
Nb4 Ne2+ 59. Ke3 Nc3 60. Kd4 Nb5+ 61. Kc4 Na7 62. Kd5 g5 63. hxg5+ Kxg5 64. Ke4
Kg4 65. Nd3 Kg3 66. Ke3 h4 67. Nf2 Nc6 68. Ne4+ Kg4 69. Nf2+ 1/2-1/2

[Event "Mercredi 2023.02.22 ABCD"]
[Site "Montreal CAN"]
[Date "2023.02.22"]
[Round "1"]
[White "Allaire, Denis"]
[Black "Chasles, Jean-Benoit"]
[Result "0-1"]
[WhiteElo "1681"]
[BlackElo "1723"]
[PlyCount "42"]
[EventDate "2023.02.22"]
[EventType "tourn"]
[EventRounds "5"]
[EventCountry "CAN"]

1. e4 c5 2. c3 d5 3. exd5 Nf6 4. Qa4+ Bd7 5. Qb3 b6 6. Nf3 Bf5 7. Bb5+ Nbd7 8.
Ne5 e6 9. Nxd7 Nxd7 10. O-O Bd6 11. Re1 O-O 12. dxe6 Ne5 13. exf7+ Kh8 14. Qd5
Nd3 15. Qxf5 Nxe1 16. Qe4 a6 17. Bc6 Rc8 18. Bb7 Rc7 19. Qxe1 Rxb7 20. c4 Rbxf7
21. f3 Re8 0-1

[Event "Mercredi 2023.02.22 ABCD"]
[Site "Montreal CAN"]
[Date "2023.02.22"]
[Round "1"]
[White "Avarian, Sevag"]
[Black "Lima-Barbosa, Raphael"]
[Result "0-1"]
[WhiteElo "1839"]
[BlackElo "1935"]
[PlyCount "78"]
[EventDate "2023.02.22"]
[EventType "tourn"]
[EventRounds "5"]
[EventCountry "CAN"]

1. e4 e5 2. Nf3 Nc6 3. d4 exd4 4. Nxd4 Nf6 5. Nxc6 bxc6 6. e5 Qe7 7. Qe2 Nd5 8.
h4 d6 9. c4 Nb6 10. exd6 cxd6 11. b3 Rb8 12. Bf4 Be6 13. Nc3 Qf6 14. Qd2 Rd8
15. Be2 h6 16. Bf3 d5 17. Be3 c5 18. Rd1 dxc4 19. Bc6+ Bd7 20. Bf3 Be7 21. Ne4
Qg6 22. Nxc5 O-O 23. Nxd7 Rxd7 24. Qc1 Rxd1+ 25. Kxd1 Rd8+ 26. Ke1 Bb4+ 27. Kf1
c3 28. g3 Nd5 29. Bxd5 Rxd5 30. Kg2 Qd3 31. a3 Be7 32. Bxa7 c2 33. Be3 Qxb3 34.
a4 Rd1 35. Rxd1 cxd1=Q 36. Qc8+ Bf8 37. Bc5 Qbd5+ 38. Kh3 Q1h1+ 39. Kg4 Qdf3#
0-1